| 000 | 00713cam a22001814a 4500 | ||
|---|---|---|---|
| 005 | 20250605164357.0 | ||
| 008 | 250528s ||||||||||||||||||||||||d | ||
| 035 | _a24415 | ||
| 040 |
_aGR-AtMCL _bgre _dGR-AtMCL _eAACR2 |
||
| 245 | 1 | _aInformatics Focus / With Articles from GlaxoSmithKline and Atrium Research and the University of Kansas | |
| 260 | _c2015 | ||
| 300 | _a72 | ||
| 520 | _aSolving Solubility Issues: Boehringer Ingelheim's Yin-Chao Tseng Discusses Spray Drying Techniques, Next Generation Sequencing in Cancer Research: Joseph W Wragg and Roy Bicknell - University of Birmingham. | ||
| 700 | 1 |
_aRichards Caroline _99463 |
|
| 942 | _cCR | ||
| 999 |
_c9298 _d9298 |
||